| 000 | 00497nam a22001937a 4500 | ||
|---|---|---|---|
| 003 | NUST - PNEC | ||
| 005 | 20170116180826.0 | ||
| 008 | 150709b xxu||||| |||| 00| 0 eng d | ||
| 020 | _a0135981379 | ||
| 040 | _cLIBRARY | ||
| 082 | _a515.3 POL | ||
| 100 |
_94363 _aPolking, John |
||
| 245 |
_aDifferential equations _cJohn Polking |
||
| 250 | _a- | ||
| 260 |
_aNew Jersey _bPrentice Hall _cc2001. |
||
| 300 | _aVarious Pages | ||
| 650 |
_94364 _bDifferential equations _xMIS |
||
| 942 |
_2ddc _cBK |
||
| 999 |
_c63881 _d63881 |
||